Nearest Non Bordering Country - Statistics

General Stats
  • This quiz has been taken 58 times
  • The average score is 11 of 20
Answer Stats
Country Nearest Non-Border Country % Correct
Brazil Ecuador
87%
Germany Liechtenstein
87%
Canada Russia
87%
Indonesia Singapore
87%
D.R.Congo Gabon
67%
Chile Paraguay
67%
Greece Italy
59%
Russia United States
59%
Thailand China
56%
Netherlands Luxembourg or France
56%
Austria Croatia
54%
Panama Nicaragua
54%
Equatorial Guinea Rep. of the Congo
54%
Mongolia Kazakhstan
46%
Sudan Saudi Arabia
44%
Kenya Rwanda
41%
Sweden Denmark
36%
Afghanistan Kyrgyzstan
31%
Haiti Cuba
23%
Niger Cameroon
13%
No matching quizzes found
Score Distribution
Percent of People with Each Score
Percentile by Number Answered
Your Score History
You have not taken this quiz